<?xml version="1.0" encoding="UTF-8"?>
<marc:record xmlns:marc="http://www.loc.gov/MARC21/slim" type="Bibliographic">
   <marc:leader>00000pam a2200000 c 4500</marc:leader>
   <marc:controlfield tag="001">969646887</marc:controlfield>
   <marc:controlfield tag="003">DE-101</marc:controlfield>
   <marc:controlfield tag="005">20171203153242.0</marc:controlfield>
   <marc:controlfield tag="007">tu</marc:controlfield>
   <marc:controlfield tag="008">031212s2004    au ||||| |||| 00||||ger  </marc:controlfield>
   <marc:datafield ind1=" " ind2=" " tag="015">
      <marc:subfield code="a">04,A25,1872</marc:subfield>
      <marc:subfield code="z">04,N03,2913</marc:subfield>
      <marc:subfield code="2">dnb</marc:subfield>
   </marc:datafield>
   <marc:datafield ind1="7" ind2=" " tag="016">
      <marc:subfield code="2">DE-101</marc:subfield>
      <marc:subfield code="a">969646887</marc:subfield>
   </marc:datafield>
   <marc:datafield ind1=" " ind2=" " tag="020">
      <marc:subfield code="a">9783707402308</marc:subfield>
      <marc:subfield code="c">Pp. : EUR 9.90, sfr 18.00</marc:subfield>
      <marc:subfield code="9">978-3-7074-0230-8</marc:subfield>
   </marc:datafield>
   <marc:datafield ind1=" " ind2=" " tag="020">
      <marc:subfield code="a">3707402304</marc:subfield>
      <marc:subfield code="c">Pp. : EUR 9.90, sfr 18.00</marc:subfield>
      <marc:subfield code="9">3-7074-0230-4</marc:subfield>
   </marc:datafield>
   <marc:datafield ind1="3" ind2=" " tag="024">
      <marc:subfield code="a">9783707402308</marc:subfield>
   </marc:datafield>
   <marc:datafield ind1=" " ind2=" " tag="035">
      <marc:subfield code="a">(DE-599)DNB969646887</marc:subfield>
   </marc:datafield>
   <marc:datafield ind1=" " ind2=" " tag="035">
      <marc:subfield code="a">(OCoLC)76626292</marc:subfield>
   </marc:datafield>
   <marc:datafield ind1=" " ind2=" " tag="040">
      <marc:subfield code="a">1145</marc:subfield>
      <marc:subfield code="b">ger</marc:subfield>
      <marc:subfield code="c">DE-101</marc:subfield>
      <marc:subfield code="d">9999</marc:subfield>
   </marc:datafield>
   <marc:datafield ind1=" " ind2=" " tag="041">
      <marc:subfield code="a">ger</marc:subfield>
      <marc:subfield code="h">eng</marc:subfield>
   </marc:datafield>
   <marc:datafield ind1=" " ind2=" " tag="044">
      <marc:subfield code="c">XA-AT</marc:subfield>
   </marc:datafield>
   <marc:datafield ind1="7" ind2="4" tag="082">
      <marc:subfield code="a">K</marc:subfield>
      <marc:subfield code="q">DE-101</marc:subfield>
      <marc:subfield code="2">22sdnb</marc:subfield>
   </marc:datafield>
   <marc:datafield ind1=" " ind2=" " tag="090">
      <marc:subfield code="a">b</marc:subfield>
   </marc:datafield>
   <marc:datafield ind1="0" ind2="0" tag="245">
      <marc:subfield code="a">Sei froh, dass du kein griechischer Athlet bist!</marc:subfield>
      <marc:subfield code="c">Text Michael Ford. Ill. David Antra. Idee und graf. Gestaltung David Salariya. [Übers.: Elfriede Frick]</marc:subfield>
   </marc:datafield>
   <marc:datafield ind1=" " ind2="1" tag="264">
      <marc:subfield code="a">Wien</marc:subfield>
      <marc:subfield code="b">G und G</marc:subfield>
      <marc:subfield code="c">2004</marc:subfield>
   </marc:datafield>
   <marc:datafield ind1=" " ind2=" " tag="300">
      <marc:subfield code="a">32 S.</marc:subfield>
      <marc:subfield code="b">zahlr. Ill.</marc:subfield>
      <marc:subfield code="c">25 cm</marc:subfield>
   </marc:datafield>
   <marc:datafield ind1=" " ind2=" " tag="336">
      <marc:subfield code="a">Text</marc:subfield>
      <marc:subfield code="b">txt</marc:subfield>
      <marc:subfield code="2">rdacontent</marc:subfield>
   </marc:datafield>
   <marc:datafield ind1=" " ind2=" " tag="336">
      <marc:subfield code="a">unbewegtes Bild</marc:subfield>
      <marc:subfield code="b">sti</marc:subfield>
      <marc:subfield code="2">rdacontent</marc:subfield>
   </marc:datafield>
   <marc:datafield ind1=" " ind2=" " tag="337">
      <marc:subfield code="a">ohne Hilfsmittel zu benutzen</marc:subfield>
      <marc:subfield code="b">n</marc:subfield>
      <marc:subfield code="2">rdamedia</marc:subfield>
   </marc:datafield>
   <marc:datafield ind1=" " ind2=" " tag="338">
      <marc:subfield code="a">Band</marc:subfield>
      <marc:subfield code="b">nc</marc:subfield>
      <marc:subfield code="2">rdacarrier</marc:subfield>
   </marc:datafield>
   <marc:datafield ind1=" " ind2=" " tag="385">
      <marc:subfield code="0">(DE-588)4030550-8</marc:subfield>
      <marc:subfield code="0">http://d-nb.info/gnd/4030550-8</marc:subfield>
      <marc:subfield code="0">(DE-101)040305503</marc:subfield>
      <marc:subfield code="a">Kind</marc:subfield>
      <marc:subfield code="2">gnd</marc:subfield>
   </marc:datafield>
   <marc:datafield ind1="0" ind2=" " tag="490">
      <marc:subfield code="a">Wissen</marc:subfield>
   </marc:datafield>
   <marc:datafield ind1=" " ind2=" " tag="500">
      <marc:subfield code="a">Aus dem Engl. übers.</marc:subfield>
   </marc:datafield>
   <marc:datafield ind1="2" ind2="7" tag="611">
      <marc:subfield code="0">(DE-588)2021059-0</marc:subfield>
      <marc:subfield code="0">http://d-nb.info/gnd/2021059-0</marc:subfield>
      <marc:subfield code="0">(DE-101)004789326</marc:subfield>
      <marc:subfield code="a">Olympische Spiele</marc:subfield>
      <marc:subfield code="2">gnd</marc:subfield>
   </marc:datafield>
   <marc:datafield ind1=" " ind2="7" tag="648">
      <marc:subfield code="a">Geschichte</marc:subfield>
      <marc:subfield code="2">gnd</marc:subfield>
   </marc:datafield>
   <marc:datafield ind1=" " ind2="7" tag="651">
      <marc:subfield code="0">(DE-588)4093976-5</marc:subfield>
      <marc:subfield code="0">http://d-nb.info/gnd/4093976-5</marc:subfield>
      <marc:subfield code="0">(DE-101)040939766</marc:subfield>
      <marc:subfield code="a">Griechenland</marc:subfield>
      <marc:subfield code="g">Altertum</marc:subfield>
      <marc:subfield code="2">gnd</marc:subfield>
   </marc:datafield>
   <marc:datafield ind1=" " ind2=" " tag="653">
      <marc:subfield code="a">(VLB-PF)00: (unbekannt)</marc:subfield>
   </marc:datafield>
   <marc:datafield ind1=" " ind2=" " tag="653">
      <marc:subfield code="a">(VLB-WI)1: Hardcover, Softcover, Karte</marc:subfield>
   </marc:datafield>
   <marc:datafield ind1=" " ind2=" " tag="653">
      <marc:subfield code="a">(VLB-WG)286: Kinderbuch, Jugendbuch / Sachbuch / Geschichte, Politik</marc:subfield>
   </marc:datafield>
   <marc:datafield ind1=" " ind2="7" tag="655">
      <marc:subfield code="0">(DE-588)4163854-2</marc:subfield>
      <marc:subfield code="0">http://d-nb.info/gnd/4163854-2</marc:subfield>
      <marc:subfield code="0">(DE-101)041638549</marc:subfield>
      <marc:subfield code="a">Kindersachbuch</marc:subfield>
      <marc:subfield code="2">gnd-content</marc:subfield>
   </marc:datafield>
   <marc:datafield ind1=" " ind2="7" tag="655">
      <marc:subfield code="a">Kindersachbuch</marc:subfield>
      <marc:subfield code="2">gnd</marc:subfield>
   </marc:datafield>
   <marc:datafield ind1="0" ind2="0" tag="689">
      <marc:subfield code="0">(DE-588)4093976-5</marc:subfield>
      <marc:subfield code="0">http://d-nb.info/gnd/4093976-5</marc:subfield>
      <marc:subfield code="0">(DE-101)040939766</marc:subfield>
      <marc:subfield code="D">g</marc:subfield>
      <marc:subfield code="a">Griechenland</marc:subfield>
      <marc:subfield code="g">Altertum</marc:subfield>
   </marc:datafield>
   <marc:datafield ind1="0" ind2="1" tag="689">
      <marc:subfield code="0">(DE-588)2021059-0</marc:subfield>
      <marc:subfield code="0">http://d-nb.info/gnd/2021059-0</marc:subfield>
      <marc:subfield code="0">(DE-101)004789326</marc:subfield>
      <marc:subfield code="D">f</marc:subfield>
      <marc:subfield code="a">Olympische Spiele</marc:subfield>
   </marc:datafield>
   <marc:datafield ind1="0" ind2="2" tag="689">
      <marc:subfield code="A">z</marc:subfield>
      <marc:subfield code="a">Geschichte</marc:subfield>
   </marc:datafield>
   <marc:datafield ind1="0" ind2="3" tag="689">
      <marc:subfield code="A">f</marc:subfield>
      <marc:subfield code="a">Kindersachbuch</marc:subfield>
   </marc:datafield>
   <marc:datafield ind1="0" ind2=" " tag="689">
      <marc:subfield code="5">DE-101</marc:subfield>
      <marc:subfield code="5">DE-101</marc:subfield>
   </marc:datafield>
   <marc:datafield ind1="1" ind2=" " tag="700">
      <marc:subfield code="0">(DE-588)114790116</marc:subfield>
      <marc:subfield code="0">http://d-nb.info/gnd/114790116</marc:subfield>
      <marc:subfield code="0">(DE-101)114790116</marc:subfield>
      <marc:subfield code="a">Ford, Michael</marc:subfield>
      <marc:subfield code="e">Mitwirkender</marc:subfield>
      <marc:subfield code="4">ctb</marc:subfield>
   </marc:datafield>
   <marc:datafield ind1="1" ind2=" " tag="700">
      <marc:subfield code="0">(DE-588)128467002</marc:subfield>
      <marc:subfield code="0">http://d-nb.info/gnd/128467002</marc:subfield>
      <marc:subfield code="0">(DE-101)128467002</marc:subfield>
      <marc:subfield code="a">Antram, David</marc:subfield>
      <marc:subfield code="d">1958-</marc:subfield>
      <marc:subfield code="e">Mitwirkender</marc:subfield>
      <marc:subfield code="4">ctb</marc:subfield>
   </marc:datafield>
   <marc:datafield ind1="1" ind2=" " tag="700">
      <marc:subfield code="0">(DE-588)128467010</marc:subfield>
      <marc:subfield code="0">http://d-nb.info/gnd/128467010</marc:subfield>
      <marc:subfield code="0">(DE-101)128467010</marc:subfield>
      <marc:subfield code="a">Frick, Elfriede</marc:subfield>
      <marc:subfield code="e">Übersetzer</marc:subfield>
      <marc:subfield code="4">trl</marc:subfield>
   </marc:datafield>
   <marc:datafield ind1="0" ind2="2" tag="730">
      <marc:subfield code="a">You wouldn't want to be a Greek athlete</marc:subfield>
      <marc:subfield code="g">dt.</marc:subfield>
   </marc:datafield>
   <marc:datafield ind1=" " ind2=" " tag="850">
      <marc:subfield code="a">DE-101a</marc:subfield>
   </marc:datafield>
   <marc:datafield ind1="r" ind2=" " tag="925">
      <marc:subfield code="a">ra</marc:subfield>
   </marc:datafield>
</marc:record>
